000
00274nam a22001217a 4500
008
170627b xxu||||| |||| 00| 0 eng d
041
_a
eng
080
_a
32
100
_a
21
101
_a
SHP
245
_a
THE POLITICS OF THE PRESIDENCY
_c
PIKA.J.A
942
_2
udc
_c
BK
999
_c
19157
_d
19157